Statistics for Canadian Provinces and Territories

Click here to take the quiz!

General Stats

  • This quiz has been taken 5 times
  • The average score is 8 of 13

Answer Stats

Answer% Correct
Nunavut
100%
Quebec
100%
British Columbia
67%
Manitoba
67%
Newfoundland
67%
Northwest Territories
67%
Ontario
67%
Prince Edward Island
67%
Alberta
33%
New Brunswick
33%
Nova Scotia
33%
Saskatchewan
33%
Yukon
33%

Score Distribution

Percentile by Number Answered

Percent of People with Each Score

Your Score History

You have not taken this quiz